Spolupracovat s konkurencí?
Privatizácia vytvára predpoklady pre novú, výraznú motiváciu vedúcich pracovníkov a nimi riadených kolektívov. Cieľom je hospodárska prosperita novovznikajúcich jednotiek. Ich úspešnosť je podmienená rýchlym a kvalitným osvojením manažmentu, ktorého súčasťou je aj umenie žiť s hospodárskou konkurenc...
Gespeichert in:
| 1. Verfasser: | |
|---|---|
| Format: | Buchkapitel |
| Sprache: | Tschechisch |
| Schlagworte: | |
| Tags: |
Keine Tags, Fügen Sie das erste Tag hinzu!
|
MARC
| LEADER | 00000naa a2200000 4500 | ||
|---|---|---|---|
| 001 | r009470 | ||
| 005 | 20220831090455.1 | ||
| 041 | 0 | |a cze | |
| 044 | |a [CS] | ||
| 245 | 1 | 0 | |a Spolupracovat s konkurencí? |c Leo Vodáček |
| 520 | |a Privatizácia vytvára predpoklady pre novú, výraznú motiváciu vedúcich pracovníkov a nimi riadených kolektívov. Cieľom je hospodárska prosperita novovznikajúcich jednotiek. Ich úspešnosť je podmienená rýchlym a kvalitným osvojením manažmentu, ktorého súčasťou je aj umenie žiť s hospodárskou konkurenciou. Namiesto straty síl v konkurenčnom boji sa odporúča kompromis, či primerane dlhý konsenzus o spolužití. Formy a spôsoby konkurenčného spolužitia. | ||
| 610 | 2 | 0 | |a privatizácia |
| 610 | 2 | 0 | |a motivácia |
| 610 | 2 | 0 | |a pracovníci vedúci |
| 610 | 2 | 0 | |a riadenie |
| 610 | 2 | 0 | |a kolektív pracovný |
| 610 | 2 | 0 | |a manažment |
| 610 | 2 | 0 | |a konkurencia |
| 610 | 2 | 0 | |a práca riadiaca |
| 100 | 1 | |a Vodáček, Leo | |